000 00830nam0a22002531 4500
001 rc\3904082
005 20250611015035.0
021 _aRU
_b[55-29655]
035 _a(NLR Aleph) 008015564
090 _a8727892
_c8727892
100 _a20130415d1955 |||y0rusy50 ca
101 0 _arus
102 _aRU
105 _aa z |||||
200 1 _aДеревянная автопоилка
_fУпр. с.-х. пропаганды Великолук. облсельхозупр.
210 _aВеликие Луки
_cГаз. "Великолук. правда"
_d1955
215 _a9 с., [6] с. черт.
_cил.
_d21
606 _aПоилки автоматические
_2psbo
700 1 _aБушин
_bС.С.
801 0 _aRU
_bNLR
_gpsbo
801 1 _aRU
_bELAR
_2rusmarc
852 _aNLR
_jС20 Г-4/3189
942 _cBOOK
980 _aNB